Verppatru

Bibliographic Details
Main Author: Indira Parthasarathy
Format: Book
Published: Chennai : Kalaignaan Pathipagam , 200
Subjects:

MARC

LEADER 00000cam a2200000 7i4500
001 0000146708
005 20110105.0
090 0 0 |a T   |b INT 
100 0 |a Indira Parthasarathy 
245 1 0 |a Verppatru   |c Indira Parthasarathy 
260 |a Chennai :   |b Kalaignaan Pathipagam ,   |c 200 
300 |a 304p. ;   |c 18cm. 
650 0 0 |a Tamil collections 
999 |a 00241912   |b BUKU   |c TAMIL COLLECTION   |e PERPUSTAKAAN KOMUNITI PETALING JAYA